Maiores artilheiros brasileiros da Champions - Statistics

Estatísticas Gerais
  • Esse quiz foi jogado 108 vezes
  • A pontuação média é 7 de 10
Estatísticas das Respostas
Classificaçao Numero de jogos Times Nome % Correto
1 43 gols FC Barcelona, PSG Neymar
98%
3 30 gols AC Milan, Real Madrid Kaká
93%
2 32 gols Real Madrid Vinicius Jr
90%
6 26 gols (55 jogos) Man. City, Arsenal Gabriel Jesus
89%
9 22 gols Liverpool Roberto Firmino
89%
4 27 gols FC Barcelona, AC Milan, Olympiacos Rivaldo
70%
5 26 gols (69 jogos) Real Madrid Rodrygo
67%
10 21 gols Spartak Moscou, Shakhtar Donetsk Luiz Adriano
52%
7 25 gols FC Porto, Galatasaray Jardel
46%
8 24 gols Olympique Lyonnais, Bayern Munich Giovane Élber
4%
Nenhum quiz correspondente encontrado
Distribuição das Pontuações
Porcentagem de Pessoas com Cada Pontuação
Percentil de Números Respondidos
Sua Pontuação Histórica
Você não jogou esse quiz